Riadenie

Saved in:
Bibliographic Details
Main Author: Kassay, Štefan
Format: Book
Language:Slovak
Published: Bratislava VEDA 2013
Series:Podnik a podnikanie
Subjects:
Tags: Add Tag
No Tags, Be the first to tag this record!

MARC

LEADER 00000nam a2200000 4500
001 0235973
005 20240314094536.4
020 |a 978-80-224-1323-7 
041 0 |a slo 
044 |a SK 
245 1 0 |a Riadenie  |c Štefan Kassay 
264 1 |a Bratislava  |b VEDA  |c 2013 
300 |a 177 s. 
490 1 |a Podnik a podnikanie 
830 0 |a Podnik a podnikanie 
610 2 0 |a riadenie 
610 2 0 |a štruktúra organizačná 
610 2 0 |a štruktúra podniku organizačná 
610 2 0 |a organizácia podniku 
610 2 0 |a holding 
610 2 0 |a fúzie 
610 2 0 |a akvizícia 
610 2 0 |a podnik nadnárodný 
100 1 |a Kassay, Štefan